Творческий путь Михаила Булгакова (Запис № 408078)

МАРК-запис
000 -LEADER
fixed length control field 00758nam a22002537a 4500
001 - CONTROL NUMBER
control field 122026
003 - CONTROL NUMBER IDENTIFIER
control field UA-OsUOA
005 - DATE AND TIME OF LATEST TRANSACTION
control field 20201223222534.0
007 - PHYSICAL DESCRIPTION FIXED FIELD--GENERAL INFORMATION
fixed length control field ta
008 - FIXED-LENGTH DATA ELEMENTS--GENERAL INFORMATION
fixed length control field 20170410b un ||||| |||| 00| 0 ukr d
040 ## - CATALOGING SOURCE
Original cataloging agency UA-OsUOA
Language of cataloging rus
Transcribing agency UA-OsUOA
Modifying agency UA-OsUOA
041 ## - LANGUAGE CODE
Language code of text/sound track or separate title rus
080 ## - UNIVERSAL DECIMAL CLASSIFICATION NUMBER
Universal Decimal Classification number 82.09
090 ## - LOCALLY ASSIGNED LC-TYPE CALL NUMBER (OCLC); LOCAL CALL NUMBER (OCLC)
Classification number (OCLC) (R) ; Classification number, CALL (RLIN) (NR) 82.09
Local cutter number (OCLC) ; Book number/undivided call number, CALL (RLIN) Я64
100 ## - MAIN ENTRY--PERSONAL NAME
Personal name Яновская Л.
245 ## - TITLE STATEMENT
Title Творческий путь Михаила Булгакова
260 ## - PUBLICATION, DISTRIBUTION, ETC. (IMPRINT)
Place of publication, distribution, etc М.
Name of publisher, distributor, etc Советский писатель
Date of publication, distribution, etc 1983
300 ## - PHYSICAL DESCRIPTION
Extent 320 с.
591 ## - Дарувальник
Назва організації Дімаров А.
650 #7 - SUBJECT ADDED ENTRY--TOPICAL TERM
Topical term or geographic name as entry element 82 Література. Літературознавство
Source of heading or term UDC
942 ## - ADDED ENTRY ELEMENTS (KOHA)
Koha item type Книги
Source of classification or shelving scheme Universal Decimal Classification
955 ## - COPY-LEVEL INFORMATION (RLIN)
Classification number, CCAL (RLIN) Наукові видання
Фонди
Withdrawn status Lost status Source of classification or shelving scheme Damaged status Not for loan Home library Current library Date acquired Source of acquisition Cost, normal purchase price Inventory number Total Checkouts Full call number Barcode Date last seen Price effective from Koha item type Collection code
    Universal Decimal Classification     АБ - Абонемент НБ АБ - Абонемент НБ 10/04/2017 17/2017 23.00 153583   82.09 Я64 153583 11/02/2022 10/04/2017 Книги  
    Universal Decimal Classification     АБ - Абонемент НБ АБ - Абонемент НБ 08/09/2017 34/2017 23.00 155223   82.09 Я64 155223 06/02/2022 08/09/2017 Книги Колекція Жулинського М.Г.